[Event "Under 1500 standard"]
[Site "SchemingMind.com"]
[Date "2008.10.21"]
[Round "-"]
[White "Manfred Kraut"]
[Black "lucho-sc"]
[Result "1-0"]
[WhiteCountry "GER"]
[BlackCountry "URU"]
[WhiteElo "1380"]
[WhiteRD "68"]
[BlackElo "1037"]
[BlackRD "74"]
[GameID "175622"]

1. d4 d5 2. Nf3 c5 3. e3 e6 4. Bd3 Nc6 5. O-O Bd6 6. c3 Nh6 7. Qe2 O-O 8. e4 c4 9. Bc2 Qc7 10. e5 Be7
11. Ng5 f6 12. exf6 Bxf6 13. Nxe6 Qe7 14. Bxh6 Qxe6 15. Qxe6+ Bxe6 16. Be3 Rae8 17. Na3 Bh4 18. g3 Bh3 19. gxh4 Bxf1 20. Kxf1 Rxe3
21. Nb5
1-0

[Event "Under 1500 standard"]
[Site "SchemingMind.com"]
[Date "2008.10.21"]
[Round "-"]
[White "lucho-sc"]
[Black "Manfred Kraut"]
[Result "0-1"]
[WhiteCountry "URU"]
[BlackCountry "GER"]
[WhiteElo "1037"]
[WhiteRD "74"]
[BlackElo "1380"]
[BlackRD "68"]
[GameID "175623"]

1. e4 e5 2. Nf3 Nc6 3. c3 Nf6 4. d4 Nxe4 5. Qe2 d5 6. Nxe5 Nxe5 7. dxe5 Bf5 8. Nd2 Bc5 9. Qb5+ c6 10. Qxb7 O-O
11. Bd3 Nxf2 12. Bxf5 Nxh1 13. Nf3 Nf2 14. Qxc6 Qe7 15. Bg5 f6 16. Be6+ Kh8 17. Rd1 Nxd1 18. Kxd1 fxg5 19. g4 Rxf3 20. Qxa8+ Rf8
0-1

[Event "Under 1500 standard"]
[Site "SchemingMind.com"]
[Date "2008.10.22"]
[Round "-"]
[White "maro"]
[Black "Manfred Kraut"]
[Result "0-1"]
[WhiteCountry "MEX"]
[BlackCountry "GER"]
[WhiteElo "1273"]
[WhiteRD "58"]
[BlackElo "1448"]
[BlackRD "77"]
[GameID "175849"]

1. d4 g6 2. Nf3 Bg7 3. b3 Nf6 4. Ba3 O-O 5. e3 d5 6. Ne5 c6 7. g3 Qa5+ 8. c3 Ne4 9. Qc2 Nd7 10. Bb4 Qc7
11. Bxe7 Re8 12. Bb4 a5 13. Ba3 Nxe5 14. c4 Nf3+ 15. Ke2 Nxd4+ 16. exd4 Nxg3+ 17. Kd3 Bf5+ 18. Kc3 Bxc2 19. Kxc2 Nxh1 20. Nd2 Bxd4
21. Bb2 Qe5 22. Nf3 Qe4+ 23. Bd3 Qxf3 24. Bxd4 Nxf2 25. Rf1 Qxd3+
0-1

[Event "Under 1500 standard"]
[Site "SchemingMind.com"]
[Date "2008.10.25"]
[Round "-"]
[White "maro"]
[Black "lucho-sc"]
[Result "1-0"]
[WhiteCountry "MEX"]
[BlackCountry "URU"]
[WhiteElo "1259"]
[WhiteRD "58"]
[BlackElo "1037"]
[BlackRD "74"]
[GameID "175850"]

1. Nf3 d5 2. e3 c5 3. d4 e6 4. c4 Ne7 5. Nc3 Qa5 6. Bd2 Nf5 7. Ne5 Nc6 8. cxd5 exd5 9. Nxd5 Qd8 10. e4 Nfxd4
11. Nxc6 bxc6 12. Nf4 Bg4 13. f3 Bc8 14. Bc4 Bd6 15. Nh5 Qh4+ 16. Kf1 Bg3 17. Nxg3 O-O 18. e5 Be6 19. Rc1 Rad8 20. Ne4
1-0

[Event "Under 1500 standard"]
[Site "SchemingMind.com"]
[Date "2008.10.22"]
[Round "-"]
[White "Manfred Kraut"]
[Black "maro"]
[Result "1-0"]
[WhiteCountry "GER"]
[BlackCountry "MEX"]
[WhiteElo "1448"]
[WhiteRD "77"]
[BlackElo "1273"]
[BlackRD "58"]
[GameID "175851"]

1. d4 d5 2. Nf3 Nc6 3. e3 a5 4. Bd3 Nf6 5. O-O g6 6. Nbd2 Bh6 7. Qe2 O-O 8. Re1 Be6 9. e4 Qd6 10. e5 Qd7
11. exf6 exf6 12. c4 Rae8 13. cxd5 Bxd5 14. Qd1 Re6 15. Ne4 Bxc1 16. Nc5 Qd6 17. Nxe6 fxe6 18. Qxc1 Nb4 19. Bc4 Re8 20. Bxd5 Nxd5
21. Qd2 Kg7 22. Qxa5 b6 23. Qa3 Nb4 24. Rac1 c5 25. dxc5 bxc5 26. b3 Nd3 27. Red1 Rd8 28. Ra1 g5 29. g3 g4 30. Nh4 Qd4
31. Qa7+ Rd7 32. Qxd7+ Qxd7 33. Rd2 Qd4 34. Rad1 c4 35. bxc4 Qxc4 36. Rxd3 Qc2 37. Rd7+ Kh6 38. R1d2 Qc1+ 39. Rd1 Qa3 40. R1d2 e5
41. R2d6 Kg5 42. Rg7+ Kh5 43. Rxf6 Qc1+ 44. Kg2 h6 45. Rf5+
1-0

[Event "Under 1500 standard"]
[Site "SchemingMind.com"]
[Date "2008.10.25"]
[Round "-"]
[White "lucho-sc"]
[Black "maro"]
[Result "0-1"]
[WhiteCountry "URU"]
[BlackCountry "MEX"]
[WhiteElo "1037"]
[WhiteRD "74"]
[BlackElo "1259"]
[BlackRD "58"]
[GameID "175852"]

1. e4 e5 2. Nf3 d6 3. Bc4 Nc6 4. h4 Bg4 5. d3 Qf6 6. Bg5 Bxf3 7. Qxf3 Qg6 8. c3 Be7 9. Bxe7 Ngxe7 10. Na3 d5
11. Bxd5 Nxd5 12. exd5 Ne7 13. Qe4 Qh5 14. g4 Qg6 15. O-O-O O-O-O 16. h5 Qg5+ 17. f4 Qxg4 18. Rhg1 Qxh5 19. fxe5 Rhe8
0-1

[Event "Under 1500 standard"]
[Site "SchemingMind.com"]
[Date "2008.10.31"]
[Round "-"]
[White "AycaguerMarcel"]
[Black "Manfred Kraut"]
[Result "0-1"]
[WhiteCountry "URU"]
[BlackCountry "GER"]
[WhiteElo "1453"]
[WhiteRD "101"]
[BlackElo "1390"]
[BlackRD "72"]
[GameID "176726"]

1. Nf3 d5 2. d4 c5 3. dxc5 e6 4. b4 Nc6 5. Bd2 Nf6 6. e3 e5 7. b5 Na5 8. Bb4 b6 9. Bxa5 bxa5 10. c6 Bc5
11. Nxe5 a6 12. c4 Bb4+ 13. Nd2 Qd6 14. Nf3 dxc4 15. a4 c3 16. Qb3 cxd2+ 17. Ke2 Be6 18. Qc2 O-O-O 19. b6 Qc5 20. Qxc5 Bxc5
21. b7+ Kb8 22. Nxd2 Bb4 23. Rd1 Kc7 24. g3 Rd6 25. Nb1 Bc4+
0-1

[Event "Under 1500 standard"]
[Site "SchemingMind.com"]
[Date "2008.10.31"]
[Round "-"]
[White "AycaguerMarcel"]
[Black "lucho-sc"]
[Result "1-0"]
[WhiteCountry "URU"]
[BlackCountry "URU"]
[WhiteElo "1493"]
[WhiteRD "87"]
[BlackElo "1037"]
[BlackRD "74"]
[GameID "176727"]

1. d4 d5 2. g3 f5 3. f3 e6 4. e4 Nc6 5. e5 Bb4+ 6. c3 Ba5 7. h4 Qe7 8. Bb5 Bd7 9. Bg5 Qf7 10. Qa4 Nge7
11. Bxe7 Qxe7 12. Bxc6 Bxc6 13. Qxa5 O-O 14. Ne2 a6 15. a4 b6 16. Qb4 Rf7 17. Qb3 g5 18. f4
1-0

[Event "Under 1500 standard"]
[Site "SchemingMind.com"]
[Date "2008.10.31"]
[Round "-"]
[White "AycaguerMarcel"]
[Black "maro"]
[Result "1-0"]
[WhiteCountry "URU"]
[BlackCountry "MEX"]
[WhiteElo "1453"]
[WhiteRD "101"]
[BlackElo "1264"]
[BlackRD "52"]
[GameID "176729"]

1. e4 e5 2. Bc4 d6 3. d4 f6 4. Nf3 Nh6 5. Bxh6 Nc6 6. Bb5 Bd7 7. Be3 f5 8. exf5 Bxf5 9. O-O e4 10. d5 a6
11. dxc6 axb5 12. Nd4 Bg6 13. Qg4 Qf6 14. Nxb5 Bf5 15. Nxc7+ Kd8 16. cxb7 Rb8 17. Qe2 Kxc7 18. Nc3 Rxb7 19. Nd5+ Kc8 20. Nxf6 Rxb2
21. Qa6+ Kc7 22. Rab1 Rxc2 23. Rb7+ Kd8 24. Qa8+ Rc8 25. Rd7+ Bxd7 26. Qa5+ Ke7 27. Nxe4 g6 28. Bd4 Rg8 29. Re1 Kf7 30. Ng5#
1-0

[Event "Under 1500 standard"]
[Site "SchemingMind.com"]
[Date "2008.10.30"]
[Round "-"]
[White "Manfred Kraut"]
[Black "AycaguerMarcel"]
[Result "1-0"]
[WhiteCountry "GER"]
[BlackCountry "URU"]
[WhiteElo "1390"]
[WhiteRD "72"]
[BlackElo "1453"]
[BlackRD "101"]
[GameID "176730"]

1. d4 d5 2. Nf3 Nf6 3. e3 e6 4. Bd3 Bb4+ 5. c3 Bd6 6. O-O O-O 7. Qe2 Nbd7 8. Nbd2 c5 9. e4 dxe4 10. Nxe4 Nxe4
11. Bxe4 Rb8 12. Bc2 cxd4 13. cxd4 b5 14. Qd3 Bb7 15. Qxh7#
1-0

[Event "Under 1500 standard"]
[Site "SchemingMind.com"]
[Date "2008.10.30"]
[Round "-"]
[White "lucho-sc"]
[Black "AycaguerMarcel"]
[Result "0-1"]
[WhiteCountry "URU"]
[BlackCountry "URU"]
[WhiteElo "1037"]
[WhiteRD "74"]
[BlackElo "1493"]
[BlackRD "87"]
[GameID "176731"]

1. d4 Nf6 2. c4 g6 3. f3 Bg7 4. e3 O-O 5. b3 d6 6. Bd3 c5 7. Nc3 cxd4 8. exd4 Nbd7 9. Nge2 e5 10. O-O Qb6
11. Be3 Re8 12. Qd2 a5 13. Na4 Qc7 14. Rac1 b6 15. d5 Nh5 16. c5 Nxc5 17. Nxc5 bxc5
0-1

[Event "Under 1500 standard"]
[Site "SchemingMind.com"]
[Date "2008.10.30"]
[Round "-"]
[White "maro"]
[Black "AycaguerMarcel"]
[Result "0-1"]
[WhiteCountry "MEX"]
[BlackCountry "URU"]
[WhiteElo "1264"]
[WhiteRD "52"]
[BlackElo "1453"]
[BlackRD "101"]
[GameID "176733"]

1. e4 c5 2. c4 e6 3. d3 d5 4. exd5 exd5 5. Qb3 dxc4 6. Qxc4 Be6 7. Qb5+ Nc6 8. Qxb7 Nd4 9. Na3 Rb8 10. Qxa7 c4
11. Nxc4 Nc2+ 12. Kd2 Nxa1 13. Qa6 Bb4+ 14. Ke2 Qe7 15. a3 Bg4#
0-1

[Event "Under 1500 standard"]
[Site "SchemingMind.com"]
[Date "2008.11.02"]
[Round "-"]
[White "William Anthony"]
[Black "Manfred Kraut"]
[Result "1-0"]
[WhiteCountry "USA"]
[BlackCountry "GER"]
[WhiteElo "1453"]
[WhiteRD "97"]
[BlackElo "1390"]
[BlackRD "72"]
[GameID "177294"]

1. d4 g6 2. c4 Bg7 3. e3 d6 4. Be2 Nf6 5. Nc3 O-O 6. d5 c5 7. Nf3 Nbd7 8. e4 Qa5 9. Bd3 Ne5 10. Nxe5 dxe5
11. Qa4 Qxa4 12. Nxa4 Bd7 13. Nxc5 b6 14. Na6 Rfc8 15. Be3 e6 16. d6 Ng4 17. Bg5 b5 18. c5 b4 19. Be7 Rc6 20. O-O Bf6
21. Nc7 Rb8 22. Rac1 h6 23. f3 Ne3 24. Rfe1 b3 25. a3 Nc2 26. Bxc2 bxc2 27. Rxc2 Kg7 28. f4 exf4 29. Bxf6+ Kxf6 30. e5+ Kf5
31. b4 a6 32. Rc3 g5 33. Rh3 Rh8 34. Rc3 h5 35. a4 a5 36. b5 Rxc5 37. Rxc5 Rb8 38. Na6 g4 39. Rc7 Rd8 40. b6 f3
41. b7
1-0

[Event "Under 1500 standard"]
[Site "SchemingMind.com"]
[Date "2008.11.02"]
[Round "-"]
[White "William Anthony"]
[Black "lucho-sc"]
[Result "1-0"]
[WhiteCountry "USA"]
[BlackCountry "URU"]
[WhiteElo "1472"]
[WhiteRD "95"]
[BlackElo "1037"]
[BlackRD "74"]
[GameID "177295"]

1. d4 d5 2. c4 dxc4 3. e3 b5 4. g3 Bb7 5. Nf3 e6 6. Bg2 Bb4+ 7. Bd2 Bxd2+ 8. Qxd2 Nf6 9. Nc3 Be4 10. Nxb5 O-O
11. O-O Qd5 12. Nxc7 Bd3 13. Nxd5 Bxf1 14. Nxf6+
1-0

[Event "Under 1500 standard"]
[Site "SchemingMind.com"]
[Date "2008.11.02"]
[Round "-"]
[White "William Anthony"]
[Black "maro"]
[Result "1-0"]
[WhiteCountry "USA"]
[BlackCountry "MEX"]
[WhiteElo "1453"]
[WhiteRD "97"]
[BlackElo "1264"]
[BlackRD "52"]
[GameID "177297"]

1. d4 d5 2. c4 dxc4 3. e3 b5 4. Nf3 Bf5 5. Nc3 Nc6 6. d5 Nb4 7. e4 Bg6 8. a3 Nd3+ 9. Bxd3 cxd3 10. Qxd3 a6
11. b4 Qd7 12. Ne5 Qd6 13. Bf4 f6 14. Nxg6 Qb6 15. Nxh8 g5 16. Be3 Qd6 17. Bc5 Qe5 18. Rc1 O-O-O 19. Nf7 Qf4 20. Qe3 Rd7
21. Qxf4 gxf4 22. a4 bxa4 23. Nxa4
1-0

[Event "Under 1500 standard"]
[Site "SchemingMind.com"]
[Date "2008.11.02"]
[Round "-"]
[White "William Anthony"]
[Black "AycaguerMarcel"]
[Result "0-1"]
[WhiteCountry "USA"]
[BlackCountry "URU"]
[WhiteElo "1453"]
[WhiteRD "97"]
[BlackElo "1453"]
[BlackRD "101"]
[GameID "177298"]

1. d4 f5 2. c4 e6 3. Nf3 Nf6 4. e3 Be7 5. Nc3 O-O 6. d5 Bb4 7. Nd4 exd5 8. a3 Bxc3+ 9. bxc3 c6 10. Nxf5 dxc4
11. g4 d5 12. Bh3 Ne4 13. g5 Bxf5 14. Bxf5 Rxf5 15. Qg4 Rxf2 16. Qe6+ Kh8 17. Rf1 Nxg5 18. Qe5 Rxf1+ 19. Kxf1 Qf8+ 20. Ke2 Nh3
21. Qg3 Qf5 22. Ke1 Nd7 23. Ra2 Rf8 24. Kd1 Qd3+ 25. Ke1 Rf1#
0-1

[Event "Under 1500 standard"]
[Site "SchemingMind.com"]
[Date "2008.11.02"]
[Round "-"]
[White "Manfred Kraut"]
[Black "William Anthony"]
[Result "0-1"]
[WhiteCountry "GER"]
[BlackCountry "USA"]
[WhiteElo "1390"]
[WhiteRD "72"]
[BlackElo "1453"]
[BlackRD "97"]
[GameID "177299"]

1. d4 c5 2. dxc5 e5 3. e4 Nc6 4. Be3 Nf6 5. Nc3 b6 6. cxb6 axb6 7. Bc4 Bb4 8. Ne2 Na5 9. Bb3 Ba6 10. O-O Bxe2
11. Nxe2 Nxe4 12. Qd5 Qh4 13. Qxf7+ Kd8 14. Bxb6+ Kc8 15. Be6 Kb7 16. Bd5+ Kxb6 17. Bxa8 Rxa8 18. Qxg7 Rf8 19. g3 Qh3 20. Qxd7 Qxd7
21. Rad1 Nd2 22. Rfe1 Qf5 23. Kg2 Qxf2+ 24. Kh3 Qf5+ 25. Kg2 Qf2+ 26. Kh3 Nac4 27. b3 Ne3
0-1

[Event "Under 1500 standard"]
[Site "SchemingMind.com"]
[Date "2008.11.02"]
[Round "-"]
[White "lucho-sc"]
[Black "William Anthony"]
[Result "0-1"]
[WhiteCountry "URU"]
[BlackCountry "USA"]
[WhiteElo "1135"]
[WhiteRD "85"]
[BlackElo "1453"]
[BlackRD "97"]
[GameID "177300"]

1. e4 e5 2. Nf3 d6 3. Bc4 Nf6 4. Ng5 d5 5. Bxd5 Nxd5 6. Qf3 Nb4 7. Qd1 Qxg5 8. d3 Qxg2 9. Ke2 Bg4+ 10. Kd2 Bxd1
11. Rxd1 Qxf2+ 12. Kc3 Qxc2#
0-1

[Event "Under 1500 standard"]
[Site "SchemingMind.com"]
[Date "2008.11.02"]
[Round "-"]
[White "maro"]
[Black "William Anthony"]
[Result "0-1"]
[WhiteCountry "MEX"]
[BlackCountry "USA"]
[WhiteElo "1264"]
[WhiteRD "52"]
[BlackElo "1453"]
[BlackRD "97"]
[GameID "177302"]

1. e4 e5 2. Nf3 d6 3. Nc3 Nf6 4. d4 Bg4 5. Be2 Nc6 6. h3 Bxf3 7. Bxf3 Qe7 8. d5 Nd4 9. Qd3 g6 10. Be3 Nxf3+
11. Ke2 Nh4 12. Qb5+ Nd7 13. Qxb7 Qd8 14. Nb5 Rc8 15. Nxa7 Rb8 16. Qa6 Nxg2 17. Nc6 Qc8 18. Qa4 Nxe3 19. Na7 Qb7 20. Kxe3 Ra8
21. c4 Rxa7 22. Qc2 Bh6+ 23. f4 Bxf4+ 24. Ke2 O-O 25. a3 Nc5 26. Rhb1 Nb3 27. Ra2 Nd4+
0-1

[Event "Under 1500 standard"]
[Site "SchemingMind.com"]
[Date "2008.11.02"]
[Round "-"]
[White "AycaguerMarcel"]
[Black "William Anthony"]
[Result "1-0"]
[WhiteCountry "URU"]
[BlackCountry "USA"]
[WhiteElo "1453"]
[WhiteRD "101"]
[BlackElo "1453"]
[BlackRD "97"]
[GameID "177303"]

1. e4 e5 2. d4 f6 3. d5 f5 4. exf5 d6 5. Bd3 Nf6 6. g4 Nxd5 7. f4 Qh4+ 8. Kf1 exf4 9. Qe2+ Be7 10. c4 Ne3+
11. Bxe3 fxe3 12. Nc3 Bg5 13. Nf3 Qh3+ 14. Qg2 Qh6 15. h4 Bf4 16. g5 Qh5 17. Nd5 Be5 18. Nxc7+ Kd7 19. Nxa8 Na6 20. c5 Nxc5
21. Nxe5+ dxe5 22. Qd5+ Ke8 23. Nc7+ Ke7 24. Qxc5+ Kd8 25. Ne6+ Bxe6 26. Qd6+ Ke8 27. Bb5+ Kf7 28. Qxe6+ Kf8 29. Qc8+ Kf7 30. Bc4+ Ke7
31. Qe6+ Kf8 32. Rh3 Qf7 33. Qxf7#
1-0

[Event "Under 1500 standard"]
[Site "SchemingMind.com"]
[Date "2008.11.03"]
[Round "-"]
[White "Shanks"]
[Black "Manfred Kraut"]
[Result "0-1"]
[WhiteCountry "ENG"]
[BlackCountry "GER"]
[WhiteElo "1415"]
[WhiteRD "69"]
[BlackElo "1411"]
[BlackRD "67"]
[GameID "177369"]

1. Nf3 Nc6 2. d4 d5 3. a3 Bg4 4. Ne5 Nxe5 5. dxe5 e6 6. h3 Bf5 7. Bf4 Bc5 8. Bg3 c6 9. Nd2 f6 10. exf6 Qxf6
11. b4 Bd4 12. Rb1 Qg6 13. e4 Bxe4 14. Nxe4 Qxe4+ 15. Qe2 Bc3+ 16. Kd1 Qd4+ 17. Qd3 Qxd3+ 18. cxd3 Nf6 19. Rb3 d4 20. Be2 O-O
21. Bf3 a5 22. Ke2 axb4 23. Ra1 Bxa1 24. axb4 Ra2+ 25. Kf1 Bc3 26. Kg1 Nd5 27. Bg4 Nxb4 28. Bxe6+ Kh8 29. Bc4 Ra1+ 30. Kh2 b5
31. Be6 Nxd3 32. Bd7 Nxf2 33. Bxc6 Rh1#
0-1

[Event "Under 1500 standard"]
[Site "SchemingMind.com"]
[Date "2008.11.05"]
[Round "-"]
[White "Shanks"]
[Black "maro"]
[Result "1-0"]
[WhiteCountry "ENG"]
[BlackCountry "MEX"]
[WhiteElo "1415"]
[WhiteRD "69"]
[BlackElo "1346"]
[BlackRD "61"]
[GameID "177372"]

1. d4 d5 2. a3 g6 3. Nc3 c6 4. h3 Bg7 5. Nf3 Na6 6. e4 dxe4 7. Nxe4 Bf5 8. Ng3 Nh6 9. Nxf5 Nxf5 10. c3 O-O
11. g4 Nh4 12. Nxh4 Qd5 13. Bg2 Qe6+ 14. Be3 Rfd8 15. O-O Rac8 16. Rb1 c5 17. d5 Qe5 18. Nf3 Qe4 19. Ne1 Qc4 20. Bd2 Rd6
21. b3 Qb5 22. c4 Qd7 23. Qc2 e6 24. b4 Rb6 25. b5 Nc7 26. dxe6 Nxe6 27. a4 Rd6 28. Nf3 Nf4 29. Bxf4 Re6 30. Rbd1 Qe7
31. a5 Re2 32. Qb1 Qf6 33. Bh2 Rb2 34. Qd3 Rd8 35. Qxd8+ Qxd8 36. Rxd8+ Bf8 37. Bd6
1-0

[Event "Under 1500 standard"]
[Site "SchemingMind.com"]
[Date "2008.11.06"]
[Round "-"]
[White "Shanks"]
[Black "William Anthony"]
[Result "0-1"]
[WhiteCountry "ENG"]
[BlackCountry "USA"]
[WhiteElo "1415"]
[WhiteRD "69"]
[BlackElo "1474"]
[BlackRD "91"]
[GameID "177373"]

1. d4 d5 2. c3 f5 3. f4 e6 4. e3 Nf6 5. Nd2 Ne4 6. Nxe4 fxe4 7. g3 Nc6 8. a3 b5 9. b4 Ba6 10. Bg2 g5
11. Qh5+ Kd7 12. fxg5 e5 13. Bh3+ Ke7 14. dxe5 Nxe5 15. Bd2 Bc8 16. Bg2 Bg4 17. Qh4 c6 18. g6+ Kd7 19. Qxd8+ Rxd8 20. gxh7 Rxh7
21. h4 Nd3+ 22. Kf1 Rf7+ 23. Nf3 exf3 24. Bxf3 Bxf3 25. Rg1 Bd6 26. e4 dxe4 27. Bg5 Re8 28. g4 e3 29. Ra2 e2+ 30. Rxe2 Rxe2
31. h5 Re1#
0-1

[Event "Under 1500 standard"]
[Site "SchemingMind.com"]
[Date "2008.11.06"]
[Round "-"]
[White "Shanks"]
[Black "AycaguerMarcel"]
[Result "0-1"]
[WhiteCountry "ENG"]
[BlackCountry "URU"]
[WhiteElo "1433"]
[WhiteRD "66"]
[BlackElo "1627"]
[BlackRD "71"]
[GameID "177374"]

1. d4 d5 2. c3 Bf5 3. Nd2 Nf6 4. Ngf3 Nbd7 5. h3 c5 6. dxc5 Nxc5 7. b4 Ncd7 8. Bb2 e5 9. e3 a5 10. b5 Be7
11. a4 Rc8 12. Be2 O-O 13. O-O Be6 14. Rc1 h6 15. c4 e4 16. Nd4 Nc5 17. Nxe6 Nxe6 18. cxd5 Qxd5 19. Rxc8 Rxc8 20. Qe1 Bb4
21. Bxf6 gxf6 22. f3 Qxd2 23. Qxd2 Bxd2 24. Kf2 exf3 25. gxf3 Rc3 26. Rg1+ Kf8 27. Rd1 Bxe3+ 28. Kg2 Kg7 29. Rd3 Nf4+ 30. Kf1 Rxd3
31. Bxd3 Nxd3 32. Ke2 Nc5 33. Kxe3 Nxa4 34. Kd4 Kg6 35. f4 h5 36. h4 Kf5 37. Kc4 Kxf4 38. Kb3 Nc5+ 39. Kc4 b6 40. Kd5 Kg3
41. Kc6 Na4 42. Kd7 f5 43. Ke7 f4 44. Kxf7 Kxh4 45. Kf6 f3 46. Ke5 f2 47. Kd4 f1=Q 48. Ke5 Nc5 49. Kd6 Kg5 50. Kc6 Na4
0-1

[Event "Under 1500 standard"]
[Site "SchemingMind.com"]
[Date "2008.11.05"]
[Round "-"]
[White "Manfred Kraut"]
[Black "Shanks"]
[Result "1-0"]
[WhiteCountry "GER"]
[BlackCountry "ENG"]
[WhiteElo "1451"]
[WhiteRD "67"]
[BlackElo "1433"]
[BlackRD "66"]
[GameID "177375"]

1. d4 d6 2. Nf3 h6 3. e3 a6 4. Bd3 e6 5. O-O Nf6 6. Nbd2 c5 7. c3 cxd4 8. Qa4+ Nbd7 9. Qxd4 Be7 10. e4 e5
11. Qe3 Ng4 12. Qe2 O-O 13. h3 Ngf6 14. b4 b5 15. a4 bxa4 16. Rxa4 Qc7 17. Nc4 d5 18. exd5 Nxd5 19. Bd2 Nf4 20. Bxf4 exf4
21. Qxe7 Qd8 22. Qe4 Nf6 23. Qxa8 Qxd3 24. Qc6 Qf5 25. Nd6 Qd7 26. Qxd7 Bxd7 27. Rxa6 Be6 28. c4 g5 29. c5 Nd5 30. b5 Nc7
31. Ra5 Nd5 32. b6 Nb4 33. Nd4 Bc4 34. Nxc4 Kg7 35. Rb1 Nd5 36. b7 Nc3 37. b8=Q Rxb8 38. Rxb8 Nd5 39. Ra7 Nf6 40. Nd6 Kg6
41. Nxf7 Kh5 42. g4+ fxg3 43. fxg3 Ne4 44. Rh8
1-0

[Event "Under 1500 standard"]
[Site "SchemingMind.com"]
[Date "2008.11.05"]
[Round "-"]
[White "maro"]
[Black "Shanks"]
[Result "0-1"]
[WhiteCountry "MEX"]
[BlackCountry "ENG"]
[WhiteElo "1259"]
[WhiteRD "58"]
[BlackElo "1412"]
[BlackRD "74"]
[GameID "177378"]

1. e4 d6 2. a4 e5 3. b3 Nf6 4. Bd3 a6 5. Nf3 Nbd7 6. Bb2 Nc5 7. Qe2 Nxd3+ 8. Qxd3 Be7 9. O-O O-O 10. Na3 Re8
11. Qe2 Bf8 12. d4 exd4 13. Rad1 c5 14. Nc4 b5 15. Na3 b4 16. Nc4 a5 17. e5 dxe5 18. Nfxe5 Be6 19. Rfe1 g6 20. Bc1 Nd5
21. Qf3 Nf6 22. Bg5 Bg7 23. h4 h5 24. Nc6 Qc7 25. N4e5 Bd5 26. Qxd5 Nxd5 27. Re4 Nc3 28. Ne7+ Rxe7 29. Rde1 Nxe4 30. Rxe4 Rxe5
0-1

[Event "Under 1500 standard"]
[Site "SchemingMind.com"]
[Date "2008.11.06"]
[Round "-"]
[White "William Anthony"]
[Black "Shanks"]
[Result "1-0"]
[WhiteCountry "USA"]
[BlackCountry "ENG"]
[WhiteElo "1474"]
[WhiteRD "91"]
[BlackElo "1415"]
[BlackRD "69"]
[GameID "177379"]

1. d4 d5 2. c4 dxc4 3. e4 b5 4. Nc3 a6 5. d5 Nd7 6. b3 cxb3 7. axb3 b4 8. Nb5 Bb7 9. Nd4 Ngf6 10. Bd3 a5
11. Bg5 h6 12. Bxf6 exf6 13. Ngf3 Be7 14. O-O O-O 15. Nb5 Ne5 16. Rc1 Nxd3 17. Qxd3 Ba6 18. Nfd4 Bxb5 19. Nxb5 c5 20. d6 Bxd6
21. Nxd6 a4 22. Rxc5 axb3 23. Rd5 b2 24. Qb3 Ra7 25. Qxb2 Rd7 26. Qxb4 Kh8 27. Rfd1 Kg8 28. Nb7 Rxb7 29. Qxb7 g5 30. Rxd8 Rxd8
31. Rxd8+ Kg7 32. Qe7 h5 33. Qf8+
1-0

[Event "Under 1500 standard"]
[Site "SchemingMind.com"]
[Date "2008.11.06"]
[Round "-"]
[White "AycaguerMarcel"]
[Black "Shanks"]
[Result "1-0"]
[WhiteCountry "URU"]
[BlackCountry "ENG"]
[WhiteElo "1643"]
[WhiteRD "69"]
[BlackElo "1415"]
[BlackRD "69"]
[GameID "177380"]

1. c4 e5 2. Nc3 c6 3. g3 d6 4. Bg2 g6 5. d4 Bg7 6. dxe5 Bxe5 7. Qc2 Bg7 8. Bf4 Nf6 9. O-O-O O-O 10. Bxd6 Nbd7
11. Bxf8 Bxf8 12. Nf3 Ng4 13. Rhf1 Qc7 14. h3 Ngf6 15. Ng5 Bh6 16. h4 Bg7 17. Rd2 h5 18. Rfd1 a5 19. Nce4 Nxe4 20. Bxe4 Nf6
21. Bxg6 fxg6 22. Qxg6 b5 23. Rd8+ Qxd8 24. Rxd8+
1-0

[Event "Under 1500 standard"]
[Site "SchemingMind.com"]
[Date "2008.11.03"]
[Round "-"]
[White "cdhardy22"]
[Black "Manfred Kraut"]
[Result "1-0"]
[WhiteCountry "USA"]
[BlackCountry "GER"]
[WhiteElo "1287"]
[WhiteRD "82"]
[BlackElo "1390"]
[BlackRD "72"]
[GameID "177402"]

1. d4 g6 2. e4 Bg7 3. c3 d6 4. b4 Nf6 5. Nf3 O-O 6. d5 c6 7. dxc6 Nxc6 8. a4 Nxe4 9. Bd3 Nxc3 10. Nxc3 Bxc3+
11. Bd2 Bxb4 12. O-O Bxd2 13. Qxd2 a5 14. Qf4 e5 15. Qh6 Be6 16. h4 Nb4 17. Be4 Bf5 18. Bxf5 gxf5 19. Ng5 Qxg5 20. hxg5 Nc2
21. Rab1 Nd4 22. Rxb7 Ne2+ 23. Kh2 Nf4 24. g3 Ne6 25. g6 fxg6 26. Rxh7
1-0

[Event "Under 1500 standard"]
[Site "SchemingMind.com"]
[Date "2008.11.03"]
[Round "-"]
[White "cdhardy22"]
[Black "lucho-sc"]
[Result "1-0"]
[WhiteCountry "USA"]
[BlackCountry "URU"]
[WhiteElo "1238"]
[WhiteRD "75"]
[BlackElo "1037"]
[BlackRD "74"]
[GameID "177403"]

1. d4 d5 2. Nc3 Nc6 3. e3 Bf5 4. f4 e6 5. g4 Qh4+ 6. Kd2 Bb4 7. gxf5 Nf6 8. Nf3 Qf2+ 9. Be2 Ne4+ 10. Kd3 exf5
11. Rf1
1-0

[Event "Under 1500 standard"]
[Site "SchemingMind.com"]
[Date "2008.11.08"]
[Round "-"]
[White "cdhardy22"]
[Black "Shanks"]
[Result "0-1"]
[WhiteCountry "USA"]
[BlackCountry "ENG"]
[WhiteElo "1153"]
[WhiteRD "73"]
[BlackElo "1433"]
[BlackRD "66"]
[GameID "177405"]

1. e4 d6 2. d4 g6 3. Bc4 Bg7 4. Qf3 e6 5. c3 a6 6. d5 e5 7. Nh3 h6 8. Na3 Nf6 9. b4 b5 10. Bb3 O-O
11. Ng1 Bg4 12. Qg3 Bd7 13. f3 a5 14. Nc2 a4 15. Be3 axb3 16. Ne2 bxc2 17. h4 h5 18. O-O Be8 19. Rfc1 c6 20. dxc6 Bxc6
21. Rxc2 Nbd7 22. a3 Nb6 23. f4 exf4 24. Bxf4 Nxe4 25. Qh3 d5 26. Rf1 Rxa3 27. Bc1 Ra8 28. Nd4 Bd7 29. Qd3 Qxh4 30. Bf4 Qd8
31. c4 bxc4 32. Qe3 Kh7 33. Nf3 Na4 34. Ra2 Bb5 35. Nd4 Bxd4 36. Qxd4 c3 37. Bc1 Bxf1 38. Kxf1 Ng3+ 39. Ke1 Nf5 40. Qf4 Re8+
41. Re2 Rxe2+ 42. Kxe2 Qe8+ 43. Kf1 Qb5+ 44. Kg1 Qb6+ 45. Kh2 Rh8 46. Qf3 Qd8 47. b5 Qh4+ 48. Kg1 Qe1+ 49. Kh2 Qxc1 50. g3 Qb2+
51. Kh3 Qxb5 52. g4 hxg4+ 53. Qxg4 Kg7+ 54. Kg2 Ne3+ 55. Kf2 Nxg4+ 56. Ke1 d4 57. Kd1 Ne3+ 58. Kc1 Rh1#
0-1